Statistiques concernant Stand jojo part 3-5

Cliquez ici pour prendre le quiz!

Statistiques générales

  • Ce quiz a été pris 690 fois
  • Le résultat moyen est 33 sur 87

Statistiques - réponses

DétenteurStand% Correct
Jotaro KujoStar platinum
94%
Jean-Pierre PolnareffSilver chariot
89%
Joseph JoestarHermit purple
88%
Dio BrandoThe world
85%
Yoshikage Kira (Stand principal)Killer queen
79%
Josuke HigashikataCrazy diamond
77%
Okuyasu NijimuraThe hand
75%
Noriaki KakyoinHierophant green
74%
Mohammed AvdolMagician's red
72%
Koichi HiroseEchoes
71%
Giorno GiovannaGold experience
71%
DiavoloKing crimson
68%
IggyThe fool
62%
Hol HorseEmperor
61%
Giorno GiovannaGold experience requiem
61%
Rohan KishibeHeaven's door
61%
Jean-Pierre PolnareffSilver chariot requiem
60%
Bruno BuccellatiSticky fingers
60%
Guido MistaSex pistols
59%
Leone AbbacchioMoody blues
55%
Pannacotta FugoPurple haze
55%
Narancia GhirgaAerosmith
54%
Yoshikage Kira (Sous-stand 2)Bites the dust
51%
Chaka/KhanAnubis
50%
Akira OtoishiRed hot chili pepper
50%
Vanilla IceCream
47%
Risotto NeroMetallica
47%
Trish UnaSpice girl
47%
EnyaJustice
46%
Gray FlyTower of gray
46%
Mannish BoyDeath 13
45%
Arabia FatsThe sun
44%
Yoshikage Kira (Sous-stand 1)Sheer heart attack
42%
Steely DanLovers
40%
J. GeilHanged man
38%
Keicho NijimuraBad company
37%
Faux capitaine TennilleDark blue moon
37%
Daniel J. D'arbyOsiris
37%
Shigekiyo YanguHarvest
36%
ForeverStrength
34%
PolpoBlack sabbath
33%
NenaEmpress
33%
ZZWheel of fortune
33%
Rubber SoulYellow temperance
33%
Diavolo (Sous-stand)Epitaph
31%
PesciBeach boy
30%
Aya TsujiCinderella
30%
ScolippiRolling stone
29%
MariahBast
28%
CioccolataGreen day
28%
CarneNotorious BIG
28%
N'DoulGeb
27%
Tamami KobayashiThe lock
27%
Pet ShopHorus
26%
IllusoMan in the mirror
26%
Yukako YamagishiLove deluxe
25%
Coco JumboMr president
24%
SeccoOasis
24%
BoingoThoth
24%
GhiaccioWhite album
24%
Yuya FungamiHighway star
23%
MeloneBaby face
22%
FormaggioLittle feet
22%
Angelo KatagiriAqua necklace
21%
TamaStray cat
21%
Kanedaichi ToyohiraSuper fly
21%
DevoEbony devil
20%
Terunosuke MiyamotoEnigma
20%
OingoKhnum
20%
Tonio TrussardiPearl jam
20%
Terence T. D'arbyAtum
19%
SqualoClash
18%
Mikitakaso NishiEarth wind and fire
18%
MidlerHigh priestess
18%
Toshikazu HazamadaSurface
18%
Masazo KinotoCheap trick
17%
TizianoTalking head
17%
ProsciuttoThe grateful dead
17%
Shizuka JoestarAchtung baby
16%
Yoshihiro KiraAtom heart father
16%
AlessiSethan
16%
CameoJudgment
14%
SaleKraft work
14%
Ken OoyanagiBoy II man
12%
MishikuiRatt
11%
Mario ZuccheroSoft machine
11%
Kenny GTenor sax
10%

Distribution des résultats

Percentile par nombre de réponses

% des personnes avec chaque résultat

Votre développement - résultats

Vous n’avez pas pris ce quiz